Alcalar (Registo nº 828)

Detalhes MARC
000 -Etiqueta do registo
Cabeçalho 00618 m a2200253 n 4500
005 - Identificador da versão
Campo de controlo 20240813121816.0
010 ## - Número internacional normalizado dos livros (ISBN)
Número (ISBN) 9789898052056
021 ## - Número do Depósito Legal
Número 269722/08
035 ## - Other System Control Numbers
System Control Number 0000895
System Control Number 0000888
System Control Number 0000875
100 ## - Dados gerais de processamento
Dados gerais de processamento 20081010 m y0pory5003 ba
102 ## - Pais de publicação ou produção
País de publicação Portugal
101 0# - Língua de publicação
Língua do texto, banda sonora, etc. Português
215 ## - Descrição física 
Indicação específica da natureza do documento e extensão da espécie 109
200 1# - Titulo e menção de responsabilidade
Título próprio Alcalar
Informação de outro título Monumentos Megalíticos
Primeira menção de responsabilidade Elena Móran
Outras menções de responsabilidade Rui Parreira
225 2# - Colecção 
Título próprio da colecção Roteiros da Arqueologia Portuguesa
Indicação de volume 10
205 ## - Menção da edição
Menção da edição 1ª edição
210 ## - Publicação, Distribuição, etc. 
Lugar da edição, distribuição, etc. Lisboa
Nome do editor, distribuidor, etc. IGESPAR
Data da publicação, distribuição, etc. 2007
966 ## - Identificação da Biblioteca
Sigla NUMETECA
942 ## - Elementos de entrada adicionados (Koha)
Tipo de item no Koha Livro
Exemplares
Situação do levantamento Origin of item (home branch) (coded) Biblioteca de empréstimo Código de barras Cota Circulation type (not for loan) Tipo de documento Nota do exemplar Damaged status
  Biblioteca Escolar Eng. Nuno Mergulhão Biblioteca Escolar Eng. Nuno Mergulhão BENM1535 9PT MOR   Livro Sem mensagem